Countries with the most ethnic black people - Statistics

General Stats
  • This quiz has been taken 50 times
  • The average score is 8 of 10
Answer Stats
Hint Highest Number % Correct
218m Nigeria
93%
55m* South Africa
91%
42.5m Kenya
86%
108m Ethiopia
84%
65m Tanzania
74%
106m DR Congo
70%
40.6m Uganda
67%
112m Brazil
65%
35m Angola
63%
26m Sudan
58%
No matching quizzes found
Score Distribution
Percent of People with Each Score
Percentile by Number Answered
Your Score History
You have not taken this quiz